Catálogo público

Laboratory manual on fundamental principles of bacteriology / (Record no. 204890)

MARC details
000 -CABECERA
campo de control de longitud fija 00722nam a2200265Ia 4500
001 - NÚMERO DE CONTROL
campo de control Para_6110
003 - IDENTIFICADOR DEL NÚMERO DE CONTROL
campo de control CHAP
008 - DATOS DE LONGITUD FIJA--INFORMACIÓN GENERAL
campo de control de longitud fija 220125s1971 xx 000 0 und d
010 ## - NÚMERO DE CONTROL DE LA BIBLIOTECA DEL CONGRESO
Número de control de LC 204890
040 ## - FUENTE DE LA CATALOGACIÓN
Centro/agencia transcriptor CHAP
082 ## - NÚMERO DE LA CLASIFICACIÓN DECIMAL DEWEY
Número de clasificación PA 589.903 S35 1971
100 ## - ENTRADA PRINCIPAL--NOMBRE DE PERSONA
Nombre de persona Salle, A. J.
9 (RLIN) 170828
245 ## - MENCIÓN DE TÍTULO
Título Laboratory manual on fundamental principles of bacteriology /
Mención de responsabilidad, etc. by A. J. Salle
250 ## - MENCIÓN DE EDICIÓN
Mención de edición 7
260 ## - PUBLICACIÓN, DISTRIBUCIÓN, ETC.
Lugar de publicación, distribución, etc. New York :
Nombre del editor, distribuidor, etc. McGraw- Hill
300 ## - DESCRIPCIÓN FÍSICA
Extensión 201 p.
650 ## - PUNTO DE ACCESO ADICIONAL DE MATERIA--TÉRMINO DE MATERIA
Término de materia o nombre geográfico como elemento de entrada Bacteriología
Subdivisión general Manuales de laboratorio
9 (RLIN) 9334
901 ## - ELEMENTOS DE DATOS A LOCAL LDA (RLIN)
a PA 589.903 S35 1971
902 ## - ELEMENTOS DE DATOS B LOCAL, LDB (RLIN)
a A
905 ## - ELEMENTOS DE DATOS E LOCAL, LDE (RLIN)
a 0000001971 0000000000 00
910 ## - DATOS DE OPCIÓN DEL USUARIO (OCLC)
Datos de opción del usuario 1971
942 ## - ELEMENTOS DE PUNTO DE ACCESO ADICIONAL (KOHA)
Tipo de ítem Koha Parasitologia_
942 ## - ELEMENTOS DE PUNTO DE ACCESO ADICIONAL (KOHA)
Tipo de ítem Koha Parasitologia_
-- 1
Holdings
Estado de retiro Estado de pérdida Fuente del sistema de clasificación o colocación Estado dañado Restricciones de uso No para préstamo Código de colección Localización permanente Ubicación/localización actual Fecha de adquisición Información codificada de la localización en otra ubicación Número de inventario Total de préstamos Renovaciones totales Signatura topográfica completa Código de barras Fecha visto por última vez Fecha del último préstamo Número de copia Precio válido a partir de Tipo de ítem Koha Nota pública
    Dewey Decimal Classification   Préstamo interno   General Parasitologia Agricola Parasitologia Agricola 27/10/2005 PARA (PA_3523) (No. UACh 768) 2 2 PA 589.903 S35 1971 4102000726 28/02/2023 20/02/2023 Ej.1 25/01/2022 Libro 3